| 000 | 00436nam a2200169Ia 4500 | ||
|---|---|---|---|
| 003 | GCL | ||
| 008 | 140319s9999 xx 000 0 eng d | ||
| 040 |
_aGCL / _cGCL |
||
| 082 | 0 | 4 |
_a320.011 _bB M |
| 100 | 1 | _aBENREKASSA, GEORGES | |
| 245 | 1 | 0 |
_aMONTESQUIEU: LA BIBERTE ET L'HISTOIRE / _cBENREKASSA, GEORGES |
| 260 |
_a[S.N] : _bLE LIVRE DE POCHE |
||
| 300 | _a220 P | ||
| 650 | 0 | 4 | _aHISTORY |
| 650 | 0 | 4 | _aLIBERALISM |
| 942 |
_2ddc _cBK |
||
| 999 |
_c24718 _d24718 |
||